| 000 | 00000nam##2200000za#4500 |
| 001 | 9.608174 |
| 003 | CaOODSP |
| 005 | 20210624213508 |
| 007 | cr ||||||||||| |
| 008 | 150406|2014||||xxc|||||o f|0| 0 fre|d |
| 022 | |a1919-5117 |
| 040 | |aCaOODSP|bfre |
| 043 | |an-cn--- |
| 086 | 1 |aFs70-6/2014-052F-PDF |
| 110 | 1 |aCanada. |bMinistère des pêches et des océans. |
| 245 | 10|aRéévaluation des zones d'importance écologique et biologique (ZIEB) de la mer de Beaufort |h[ressource électronique] |
| 260 | |aWinnipeg - Manitoba : |bPêches et Océans Canada |cDécembre 2014. |
| 300 | |a34p.|bglossaire, cartes, références, tableaux |
| 490 | 1 |aSecrétariat canadien de consultation scientifique, avis scientifique |x1919-5117|v2014/052, Région du Centre et de l'Arctique |
| 590 | |a15-01|b2015-01-02 |
| 775 | 08|tRe-evaluation of Ecologically and Biologically Significant Areas (EBSAs) in the Beaufort Sea |w(CaOODSP)9.581367 |
| 830 | #0|aAvis scientifique (Secrétariat canadien de consultation scientifique)|x1919-5117|v2014/052, Région du Centre et de l'Arctique|w(CaOODSP)9.502624 |
| 856 | 40|ahttp://publications.gc.ca|qPDF|s884 Ko|uhttps://publications.gc.ca/collections/collection_2014/mpo-dfo/Fs70-6-2014-052-fra.pdf|y2014/052, Région du Centre et de l'Arctique |